Barah e Rast: Safarnama / براہ راست: سفرنامہ / (Record no. 187904)

000 -LEADER
fixed length control field 00454 a2200169 4500
003 - CONTROL NUMBER IDENTIFIER
control field Nust
005 - DATE AND TIME OF LATEST TRANSACTION
control field 20230329111245.0
040 ## - CATALOGING SOURCE
Transcribing agency Nust
082 ## - DEWEY DECIMAL CLASSIFICATION NUMBER
Classification number 891.439,BUS
100 ## - MAIN ENTRY--PERSONAL NAME
Personal name Rehman , Bushra
9 (RLIN) 110083
245 ## - TITLE STATEMENT
Title Barah e Rast: Safarnama / براہ راست: سفرنامہ /
Statement of responsibility, etc. Bushra Rehman
260 ## - PUBLICATION, DISTRIBUTION, ETC.
Place of publication, distribution, etc. Lahore
Name of publisher, distributor, etc. Danyail
300 ## - PHYSICAL DESCRIPTION
Extent 319:p
538 ## - SYSTEM DETAILS NOTE
System details note Almirah No.67, Shelf No.1
650 ## - SUBJECT ADDED ENTRY--TOPICAL TERM
Topical term or geographic name entry element Urdu Adab
9 (RLIN) 77031
942 ## - ADDED ENTRY ELEMENTS (KOHA)
Source of classification or shelving scheme
Koha item type Book
Call number prefix 891.439,BUS
Holdings
Withdrawn status Lost status Source of classification or shelving scheme Damaged status Not for loan Permanent Location Current Location Shelving location Date acquired Total Checkouts Full call number Barcode Date last seen Date last checked out Price effective from Koha item type Public note
          Military College of Signals (MCS) Military College of Signals (MCS) Fiction 12/12/2016 1 891.439,BUS MCS34050 08/02/2023 07/21/2023 12/12/2016 Book Almirha No 65, Shelf No 3
© 2023 Central Library, National University of Sciences and Technology. All Rights Reserved.